| 000 -LEADER |
| fixed length control field |
02097nam a22005177a 4500 |
| 001 - CONTROL NUMBER |
| control field |
4466336 |
| 003 - CONTROL NUMBER IDENTIFIER |
| control field |
LIBRIS |
| 005 - DATE AND TIME OF LATEST TRANSACTION |
| control field |
20210426102733.0 |
| 008 - FIXED-LENGTH DATA ELEMENTS--GENERAL INFORMATION |
| fixed length control field |
011211r19981995xxk|||||||||||001 0|eng| |
| 020 ## - INTERNATIONAL STANDARD BOOK NUMBER |
| International Standard Book Number |
0006530702 |
| 040 ## - CATALOGING SOURCE |
| Original cataloging agency |
BNB |
| Modifying agency |
Lctr |
| Description conventions |
a |
| Language of cataloging |
eng |
| Transcribing agency |
DLC |
| 041 ## - LANGUAGE CODE |
| Language code of text/sound track or separate title |
eng |
| 080 ## - UNIVERSAL DECIMAL CLASSIFICATION NUMBER |
| Universal Decimal Classification number |
94 |
| Item number |
F-92 |
| 082 #4 - DEWEY DECIMAL CLASSIFICATION NUMBER |
| Classification number |
956.04 |
| Edition number |
21 |
| 082 #4 - DEWEY DECIMAL CLASSIFICATION NUMBER |
| Classification number |
956.04 |
| Edition number |
21 |
| 084 ## - OTHER CLASSIFICATION NUMBER |
| Classification number |
Koa |
| Number source |
kssb/8 (machine generated) |
| 100 1# - MAIN ENTRY--PERSONAL NAME |
| Personal name |
Friedman, Thomas |
| 245 00 - TITLE STATEMENT |
| Title |
From Beirut to Jerusalem / |
| Statement of responsibility, etc. |
: One Man's Middle Eastern Odyssey |
| Remainder of title |
/ by: HarperCollins Publishers |
| 250 ## - EDITION STATEMENT |
| Edition statement |
2nd edition |
| 264 #1 - PRODUCTION, PUBLICATION, DISTRIBUTION, MANUFACTURE, AND COPYRIGHT NOTICE |
| Place of production, publication, distribution, manufacture |
London : |
| Name of producer, publisher, distributor, manufacturer |
HarperCollins Publishers |
| Date of production, publication, distribution, manufacture, or copyright notice |
1998, c1995 |
| 300 ## - PHYSICAL DESCRIPTION |
| Extent |
xv,588 p. |
| Other physical details |
2 maps |
| Dimensions |
20cm |
| 340 ## - PHYSICAL MEDIUM |
| Dimensions |
20cm |
| 365 ## - TRADE PRICE |
| Price amount |
9.99 gbp |
| 500 ## - GENERAL NOTE |
| General note |
Originally published: New York : Anchor Books, Doubleday, 1995. - Previous ed.: New York : Farrar, Straus, Giroux, 1989; London : Collins, 1990 |
| 504 ## - BIBLIOGRAPHY, ETC. NOTE |
| Bibliography, etc. note |
Includes index |
| 600 14 - SUBJECT ADDED ENTRY--PERSONAL NAME |
| Personal name |
Friedman, Thomas, |
| Dates associated with a name |
1953- |
| General subdivision |
Journeys |
| Geographic subdivision |
Middle East |
| 650 #7 - SUBJECT ADDED ENTRY--TOPICAL TERM |
| Topical term or geographic name entry element |
Arab-Israeli conflict |
| Chronological subdivision |
1973-1993 |
| Source of heading or term |
BNB |
| 650 #0 - SUBJECT ADDED ENTRY--TOPICAL TERM |
| Topical term or geographic name entry element |
History |
| 9 (RLIN) |
252 |
| 650 #7 - SUBJECT ADDED ENTRY--TOPICAL TERM |
| Topical term or geographic name entry element |
Arab-Israeli conflict |
| Chronological subdivision |
1993- |
| Source of heading or term |
BNB |
| 651 #4 - SUBJECT ADDED ENTRY--GEOGRAPHIC NAME |
| Geographic name |
Middle East |
| General subdivision |
Politics and government |
| Chronological subdivision |
1979- |
| 651 #4 - SUBJECT ADDED ENTRY--GEOGRAPHIC NAME |
| Geographic name |
Lebanon |
| General subdivision |
History |
| Chronological subdivision |
Israeli intervention, 1982-1984 |
| 651 #4 - SUBJECT ADDED ENTRY--GEOGRAPHIC NAME |
| Geographic name |
Lebanon |
| General subdivision |
Politics and government |
| Chronological subdivision |
1975-1990 |
| 651 #4 - SUBJECT ADDED ENTRY--GEOGRAPHIC NAME |
| Geographic name |
Lebanon |
| General subdivision |
Politics and government |
| Chronological subdivision |
1990- |
| 651 #4 - SUBJECT ADDED ENTRY--GEOGRAPHIC NAME |
| Geographic name |
Israel |
| General subdivision |
Politics and government |
| 653 ## - INDEX TERM--UNCONTROLLED |
| Uncontrolled term |
ისტორია |
| 653 ## - INDEX TERM--UNCONTROLLED |
| Uncontrolled term |
არაბულ-ებრაული კონფლიქტი |
| 653 ## - INDEX TERM--UNCONTROLLED |
| Uncontrolled term |
შუა აზია |
| 887 ## - NON-MARC INFORMATION FIELD |
| Content of non-MARC field |
{"@id":"j1tl18fv1jv5fhg","modified":"2018-10-30T23:00:00+01:00","checksum":"47444466464"} |
| Source of data |
librisxl |
| 887 ## - NON-MARC INFORMATION FIELD |
| Content of non-MARC field |
{"@id":"48gcpzs945swt7b","modified":"2014-02-24T13:46:20+01:00","checksum":"80102077416"} |
| Source of data |
librisxl |
| 887 ## - NON-MARC INFORMATION FIELD |
| Content of non-MARC field |
{"@id":"z3brlvq45n2wstt","modified":"2018-03-02T08:39:54+01:00","checksum":"36286167099"} |
| Source of data |
librisxl |
| 942 ## - ADDED ENTRY ELEMENTS (KOHA) |
| Source of classification or shelving scheme |
|
| Koha item type |
Books |
| Edition |
2 |